| 000 | 00996nam a2200337Ia 4500 | ||
|---|---|---|---|
| 003 | GCL | ||
| 008 | 140319s9999 xx 000 0 ara d | ||
| 040 |
_aGCL / _cGCL |
||
| 082 | 0 | 4 |
_a709.04 _bر س |
| 100 | 1 | _aصبحى الشارونى | |
| 245 | 1 | 0 |
_a80 سنة من الفن (1908 - 1988 ) / _cصبحى الشارونى |
| 700 | 1 | _aكمال الملاخ | |
| 700 | 1 | _aرشدى اسكندر | |
| 260 |
_aالقاهرة : _bالهيئة المصرية العامة للكتاب ، _c1991 |
||
| 300 |
_a318 ص ؛ _c28 سم |
||
| 490 | _a | ||
| 650 | 0 | 4 | _aالفنون الجميلة |
| 650 | 0 | 4 | _aالفنانون |
| 650 | 0 | 4 | _aالمدارس |
| 650 | 0 | 4 | _aالفن |
| 650 | 0 | 4 | _aالنحت |
| 650 | 0 | 4 | _aالرسم |
| 650 | 0 | 4 | _aالديكور |
| 650 | 0 | 4 | _aحفر الخشب |
| 650 | 0 | 4 | _aالتماثيل |
| 650 | 0 | 4 | _aالتربية الفنية |
| 650 | 0 | 4 | _aمعارض |
| 650 | 0 | 4 | _aالمصرى |
| 650 | 0 | 4 | _aالكليات والجامعات |
| 942 |
_2ddc _cBK |
||
| 999 |
_c30062 _d30062 |
||